Catalog

Record Details

Catalog Search



Collusion :  Belfast Novels  Cover Image Book Book

Collusion : Belfast Novels / Stuart Neville.

Summary:

When Detective Inspector Jack Lennon tries to track down his former lover Marie McKenna and their daughter, his superiors tell him to back off. But now an assassin stalks Belfast, tying up loose ends for a vengeance-driven old man. As Lennon unravels a conspiracy that links his daughter to a killer named Fegan, the line between friend and enemy blurs. A merciless assassin stalks Belfast and Detective Inspector Jack Lennon has been assigned to the case. As Lennon unravels a far-reaching conspiracy involving collusion among Loyalists, IRA members, and law enforcement, he discovers that his estranged former lover and their daughter are in the killer's cross-hairs. To catch the assassin and save the only family he has, Lennon blurs the line between friend and enemy by teaming up with an enigmatic killer named Fegan.

Record details

  • ISBN: 1616952423
  • ISBN: 9781616952426
  • Physical Description: 382 pages ; 19 cm
  • Publisher: New York : Soho Press, 2012, ©2010.

Content descriptions

General Note:
Sequel to: The ghosts of Belfast.
Subject: Lennon, Jack (Fictitious Character)
Revenge > Fiction.
Assassins > Fiction.
Missing persons > Fiction.
Political violence > Northern Ireland > Fiction.
Family
Conspiracy
Vengeance > Romans, nouvelles, etc.
Politics and government.
Belfast (Northern Ireland) > Fiction.
Northern Ireland > Politics and government > 1998- > Fiction.
Genre: Suspense fiction.
Mystery fiction.
Political fiction.

Available copies

  • 1 of 1 copy available at scottsboropl.

Holds

  • 0 current holds with 1 total copy.
Show Only Available Copies
Location Call Number / Copy Notes Barcode Shelving Location Status Due Date
scottsboropl F Nev 32269001292765 Adult - Fiction Available -

LDR 02755cam a2200565 a 4500
001163591
003SBPL
00520240626152803.0
008121213r20122010nyu 000 f eng
020 . ‡a1616952423 ‡q(pbk.)
020 . ‡a9781616952426 ‡q(pbk.)
035 . ‡a(OCoLC)821072927
08204. ‡a823/.92 ‡qOCoLC ‡222/eng/20230216
1001 . ‡aNeville, Stuart, ‡d1972-: ‡eauthor
24510. ‡aCollusion : ‡b Belfast Novels / ‡cStuart Neville.
260 . ‡aNew York : ‡bSoho Press, ‡c2012, ©2010.
300 . ‡a382 pages ; ‡c19 cm
336 . ‡atext ‡btxt ‡2rdacontent
337 . ‡aunmediated ‡bn ‡2rdamedia
338 . ‡avolume ‡bnc ‡2rdacarrier
4900 . ‡a(The Belfast Novels) : ‡vBk 2
500 . ‡aSequel to: The ghosts of Belfast.
520 . ‡aWhen Detective Inspector Jack Lennon tries to track down his former lover Marie McKenna and their daughter, his superiors tell him to back off. But now an assassin stalks Belfast, tying up loose ends for a vengeance-driven old man. As Lennon unravels a conspiracy that links his daughter to a killer named Fegan, the line between friend and enemy blurs. A merciless assassin stalks Belfast and Detective Inspector Jack Lennon has been assigned to the case. As Lennon unravels a far-reaching conspiracy involving collusion among Loyalists, IRA members, and law enforcement, he discovers that his estranged former lover and their daughter are in the killer's cross-hairs. To catch the assassin and save the only family he has, Lennon blurs the line between friend and enemy by teaming up with an enigmatic killer named Fegan.
6000 . ‡aLennon, Jack (Fictitious Character)
650 0. ‡aRevenge ‡vFiction.
650 0. ‡aAssassins ‡vFiction.
650 0. ‡aMissing persons ‡vFiction.
650 0. ‡aPolitical violence ‡zNorthern Ireland ‡vFiction.
6500 . ‡aFamily
6500 . ‡aConspiracy
650 0. ‡aVengeance ‡vRomans, nouvelles, etc.
650 0. ‡aPolitics and government.
651 0. ‡aBelfast (Northern Ireland) ‡vFiction.
651 0. ‡aNorthern Ireland ‡xPolitics and government ‡y1998- ‡vFiction.
655 7. ‡aSuspense fiction.
655 7. ‡aMystery fiction.
655 7. ‡aPolitical fiction. ‡2lcgft
8300 . ‡a(The Belfast Novels) : ‡vBk 2
901 . ‡a163591 ‡bAUTOGEN ‡c163591 ‡tbiblio

Additional Resources